Teorie tolerancí soustav

Uložené v:
Podrobná bibliografia
Hlavný autor: Novák, Mirko (Autor)
Médium: Kniha
Jazyk:Czech
Vydavateľské údaje: Praha : Academia, 1987
Tagy: Pridať tag
Žiadne tagy, Buďte prvý, kto otaguje tento záznam!

MARC

LEADER 00000nam a22000003a 4500
001 stu29827
005 20200911122031.8
008 951009s1987----xr------------------cze-d
040 |a STU  |b slo 
041 0 |a cze 
044 |a xr 
080 |a 001.891  |7 stu_us_auth*stu16923 
080 |a 69 
100 1 |a Novák, Mirko  |4 aut 
245 1 |a Teorie tolerancí soustav 
260 |a Praha :  |b Academia,  |c 1987 
300 |a 340 s 
996 |c V*34824/O-14383  |l VV17  |s P  |a 0  |w stu29827_0001